| Art - Music/Opera | 9 | 8.89 | 89% | 0% | 0% |
| Art - Other | 5 | 6.00 | 60% | 0% | 0% |
| Art - Painting/Sculpture | 10 | 13.00 | 90% | 40% | 0% |
| Art - Visual | 1 | 20.00 | 100% | 0% | 100% |
| Current Events/Modern World - Rest of world social | 1 | 10.00 | 100% | 0% | 0% |
| Current Events/Modern World - United States social | 1 | 10.00 | 100% | 0% | 0% |
| Current Events/Modern World - Western social | 1 | 10.00 | 100% | 0% | 0% |
| Geography - Mixed/any | 1 | 30.00 | 100% | 100% | 100% |
| Geography - Non-U.S. Americas | 1 | 20.00 | 100% | 100% | 0% |
| Geography - United States | 1 | 20.00 | 100% | 100% | 0% |
| History - American | 8 | 20.00 | 100% | 88% | 13% |
| History - European | 7 | 21.43 | 100% | 100% | 14% |
| History - Other | 7 | 21.43 | 100% | 100% | 14% |
| History - World | 7 | 21.43 | 100% | 57% | 57% |
| Literature - American any | 1 | 20.00 | 100% | 100% | 0% |
| Literature - American long fiction | 3 | 10.00 | 100% | 0% | 0% |
| Literature - American poetry | 3 | 16.67 | 100% | 67% | 0% |
| Literature - American short fiction | 1 | 20.00 | 100% | 100% | 0% |
| Literature - British any | 2 | 15.00 | 100% | 50% | 0% |
| Literature - British drama | 2 | 15.00 | 100% | 50% | 0% |
| Literature - British long fiction | 3 | 20.00 | 100% | 100% | 0% |
| Literature - British poetry | 2 | 15.00 | 100% | 50% | 0% |
| Literature - British short fiction | 1 | 20.00 | 100% | 0% | 100% |
| Literature - European any | 2 | 15.00 | 100% | 50% | 0% |
| Literature - European drama | 1 | 20.00 | 100% | 100% | 0% |
| Literature - European long fiction | 2 | 15.00 | 100% | 50% | 0% |
| Literature - European poetry | 2 | 15.00 | 100% | 50% | 0% |
| Literature - European short fiction | 1 | 20.00 | 100% | 100% | 0% |
| Literature - World/Misc any | 3 | 20.00 | 100% | 67% | 33% |
| Literature - World/Misc long fiction | 2 | 15.00 | 100% | 50% | 0% |
| Literature - World/Misc poetry | 1 | 20.00 | 100% | 100% | 0% |
| Mythology - Egyptian | 1 | 20.00 | 0% | 100% | 100% |
| Mythology - Greco/Roman | 2 | 20.00 | 100% | 100% | 0% |
| Mythology - Hindu | 1 | 10.00 | 100% | 0% | 0% |
| Mythology - Mixed/Any | 2 | 15.00 | 100% | 50% | 0% |
| Mythology - Norse | 1 | 10.00 | 100% | 0% | 0% |
| Other Academic/Cross-Category - Any | 4 | 15.00 | 100% | 50% | 0% |
| Philosophy - Ancient | 2 | 20.00 | 100% | 100% | 0% |
| Philosophy - Enlightenment | 2 | 20.00 | 100% | 100% | 0% |
| Philosophy - Medieval | 1 | 20.00 | 100% | 100% | 0% |
| Philosophy - Mixed/Any | 2 | 10.00 | 100% | 0% | 0% |
| Philosophy - Pre-20th | 2 | 15.00 | 100% | 50% | 0% |
| Religion - Christianity/Judaism | 1 | 10.00 | 100% | 0% | 0% |
| Religion - Hinduism | 2 | 15.00 | 100% | 50% | 0% |
| Religion - Islam | 1 | 20.00 | 100% | 100% | 0% |
| Religion - Mixed/Any | 2 | 10.00 | 100% | 0% | 0% |
| Science - Astronomy | 1 | 30.00 | 100% | 100% | 100% |
| Science - Biology | 9 | 13.33 | 100% | 22% | 11% |
| Science - Chemistry | 9 | 17.78 | 89% | 67% | 22% |
| Science - Earth | 1 | 10.00 | 100% | 0% | 0% |
| Science - Other | 5 | 16.00 | 80% | 80% | 0% |
| Science - Other/CL/Misc | 1 | 10.00 | 100% | 0% | 0% |
| Science - Physics | 9 | 14.44 | 89% | 44% | 11% |
| Social Science - Economics | 3 | 6.67 | 67% | 0% | 0% |
| Social Science - Law | 1 | 10.00 | 100% | 0% | 0% |
| Social Science - Mixed/Any | 1 | 20.00 | 0% | 100% | 100% |
| Social Science - Psychology | 1 | 20.00 | 100% | 100% | 0% |